| 000 | 00369nam a2200097Ia 4500 | ||
|---|---|---|---|
| 082 | _a968.627 SOWE | ||
| 245 | 0 | _aSoweto '76 : reflections on the liberation struggles : commemorating the 3th anniversary of June 16th, 1976 | |
| 100 |
_a Hlongwane, Khangela Ali ** Houghton [South Africa], 2R6 ** * _989384 |
||
| 942 | _cBK | ||
| 008 | 210817s9999 xx 000 0 und d | ||
| 999 |
_c359773 _d359772 |
||